1949 1542 1094 1291 1783 1912 1968 1205 1579 1071 1486 1631 1767 1448 1450 1715 1226 1982 1773 1305 1104 1669 1057 1374 1891 1816 1816 1326 1287 1262 1186 1134 1233 1734 1389 1561 1254 1565 1103 1950 1385 1370 1210 1783 1472 1234 1020 1071 1485 1259 1843 1366 1048 1410 1872 1145 1124 1457 1213 1833 1284 1343 1435 1559 1218 1793 1638 1159 1090 1838 1929 1218 1500 1389 1915 1397 1287 1504 1154 1642 1881 1433 1593 1204 1161 1645 1025 1143 1539 1238 1754 1653 1376 1764 1218 1903 1840 1617 1929 BCNSPRNW ULIB Ver.6.0+V

เปลี่ยนเป็นภาษาไทย

Change to English
 แสดงรายละเอียดบรรณานุกรม
  กลับหน้าหลัก

Brief Record : Get Marc (ISO 2709) : E-mail record : QR code < ปิดหน้าต่าง
LEADER : 00000nam 2200000uu 4500
001    13399111877
003     ULIB
008    110627s2552||||th 000 0 tha d
020    9789742126971
090    นว.^bว918G 2552
100 0  เวสต์ แคลร์
245 00 Gulliver s Travels กัลลิเวอร์ผจญภัยสุดขอบโลก/^cเวสต์ แคลร์
250    พิมพ์ครั้งที่ 1
260    กรุงเทพฯ :^bซีเอ็ดยูเคชั่น,^c2552
300    104 หน้า
945    ^p105^l0^i028469
995    ทศพร
999 ^a ใช้งานได้ทุกระบบ
รายการนี้ยังไม่มีแท็ก
คุณยังไม่ได้ล็อกอิน คุณสามารถมีกิจกรรมร่วมกับเว็บไซต์ได้ แต่ต้องล็อกอินก่อน ::
  ล็อกอิน

รายการสื่อสารสนเทศ

ลำดับที่ ประเภท เลขเรียก/บาร์โค้ด สถานที่ สถานะ
- ไม่พบข้อมูล -

รายการใกล้เคียง
    ผู้แต่ง [เวสต์ แคลร์]

BibComment


ยังไม่เคยถูกคอมเมนท์

คอมเมนท์ทรัพยากรรายการนี้
  คอมเมนท์: Gulliver s Travel..


 Copyright 2026. Bcnsprnw @Library